[Event "Central Region-ch U16 Girls"]
[Site "Duitama"]
[Date "2012.05.12"]
[Round "6.2"]
[White "Balaguera, Maria Alejandra"]
[Black "Pachon Gutierrez, Adriana Paola"]
[Result "0-1"]
[WhiteElo "1832"]
[BlackElo "1994"]
[PlyCount "56"]
[EventDate "2012.05.10"]
[EventType "swiss"]
[EventRounds "6"]
[EventCountry "COL"]
[SourceTitle "EXT 2024"]
[Source "ChessBase"]
[SourceDate "2023.10.10"]
[SourceVersion "1"]
[SourceVersionDate "2023.10.10"]
[SourceQuality "1"]

1. e4 e5 2. Nf3 Nc6 3. Bb5 Nge7 4. d3 d6 5. Nbd2 g6 6. c3 Bg7 7. 0-0 0-0 8. Re1 f5 9. Nf1 Kh8 10. exf5 Bxf5 11. Ng3 Bg4 12. h3 Bxf3 13. gxf3 Qd7 14. Kg2 Nf5 15. Re4 a6 16. Ba4 d5 17. Rg4 b5 18. Bc2 h5 19. Nxf5 hxg4 20. Nxg7 gxh3+ 21. Kg3 Kxg7 22. Bg5 Qf5 23. Bd2 h2 24. Qe2 Rh8 25. Kg2 h1Q+ 26. Rxh1 Rxh1 27. Kxh1 Qh3+ 28. Kg1 Rh8 0-1

[Event "Boyaca Region-ch U14 Girls"]
[Site "Tibana"]
[Date "2010.06.02"]
[Round "2.2"]
[White "Balaguera, Maria Alejandra"]
[Black "Gutierrez, Laura1111"]
[Result "1-0"]
[WhiteElo "1845"]
[BlackElo "1435"]
[PlyCount "23"]
[EventDate "2010.06.02"]
[EventType "swiss"]
[EventRounds "5"]
[EventCountry "COL"]
[SourceTitle "EXT 2024"]
[Source "ChessBase"]
[SourceDate "2023.10.10"]
[SourceVersion "1"]
[SourceVersionDate "2023.10.10"]
[SourceQuality "1"]

1. e4 Nf6 2. Nc3 d5 3. e5 d4 4. exf6 dxc3 5. fxg7 cxd2+ 6. Qxd2 Qxd2+ 7. Bxd2 Bxg7 8. Nf3 Bg4 9. 0-0-0 Nc6 10. Be2 Nd4 11. Nxd4 Bxd4 12. Bxg4 1-0

[Event "COL-ch U16 Girls"]
[Site "Bogota"]
[Date "2010.03.30"]
[Round "3.1"]
[White "Bonilla, Maria Camila"]
[Black "Balaguera, Maria Alejandra"]
[Result "0-1"]
[WhiteElo "1623"]
[BlackElo "1897"]
[PlyCount "37"]
[EventDate "2010.03.29"]
[EventType "swiss"]
[EventRounds "8"]
[EventCountry "COL"]
[SourceTitle "EXT 2024"]
[Source "ChessBase"]
[SourceDate "2023.10.10"]
[SourceVersion "1"]
[SourceVersionDate "2023.10.10"]
[SourceQuality "1"]

1. e4 c5 2. Nf3 e6 3. d3 a6 4. g3 Nc6 5. Bg2 Qc7 6. 0-0 Nf6 7. Re1 b5 8. c3 Bb7 9. Nbd2 Be7 10. d4 cxd4 11. cxd4 d6 12. Nb3 Nb4 13. Bg5 h6 14. Bxf6 Bxf6 15. Rc1 Qd7 16. e5 dxe5 17. dxe5 Qxd1 18. Rexd1 Be7 19. Nbd4 0-1

[Event "Bogota Intercolegiados 30th"]
[Site "Bogota"]
[Date "2009.09.30"]
[Round "3.1"]
[White "Rodriguez Rueda, Paula Andrea"]
[Black "Balaguera, Maria Alejandra"]
[Result "1-0"]
[WhiteElo "2009"]
[BlackElo "1897"]
[PlyCount "43"]
[EventDate "2009.09.29"]
[EventType "swiss"]
[EventRounds "5"]
[EventCountry "COL"]
[SourceTitle "EXT 2024"]
[Source "ChessBase"]
[SourceDate "2023.10.10"]
[SourceVersion "1"]
[SourceVersionDate "2023.10.10"]
[SourceQuality "1"]

1. d4 Nf6 2. c4 d6 3. Nc3 g6 4. e4 Bg7 5. f4 Nc6 6. Nf3 0-0 7. Be2 e6 8. 0-0 h5 9. h3 Nh7 10. Be3 e5 11. f5 exd4 12. Nxd4 Nxd4 13. Bxd4 Bxd4+ 14. Qxd4 Qf6 15. Qf2 c5 16. Rad1 Bd7 17. Qg3 Bc6 18. Rxd6 Qg5 19. Qxg5 Nxg5 20. fxg6 fxg6 21. Rxg6+ Kh7 22. Rxg5 1-0